01083cam a22002411 4500001001300000003000400013005001700017008004100034010001700075040004800092043001200140050002500152082001000177100003200187245006900219260007100288300002200359490010700381501016400488650004300652810012900695999001700824e 51000007 DLC20260227111234.0791116s1951 dcu 000 0 eng  ae 51000007  aU.S. Office of Education. LibrarycDLCdDLC an-us---00aLC1045b.A25 no. 24300a630.71 aJohnson, Elmer John,d1896-14aThe advisory council for a department of vocational agriculture. a[Washington]bFederal Security Agency, Office of Educationc[1951] aiv, 28 p.c23 cm.1 a[United States] Office of Education. Vocational Division. Bulletin no. 243. Agricutural series, no. 60 aWith : Guide to occupational choice and training / Walter James Greenleaf. Washington : Govt. Print. Off., 1947. Bound together subsequent to publication.5DLC 0aAgricultural educationzUnited States.1 aUnited States.bOffice of Education.bDivision of Vocational and Technical Education.tVocational Division bulletinvno. 243 c22146d22146